000 00547nam a2200193Ia 4500
005 20250508151731.0
008 008 250505s9999 xx 000 0 eng d
037 _aTextual
040 _aFEDL
_beng
_cFEDL
041 _aeng
_2eng
084 _a491.732, SCH
_qFEDL
100 _aSchapiro Waldemar
_9759852
245 0 _aRussian-english English-Russian pocket : Dictionary
260 _aLondon, UK
_bGeorge G Harrap
_c1950
300 _a384p
365 _aINR
_b5.1
942 _cTEXL
_h491.732, SCH
999 _c1331783
_d1331783